AH International Schools' Libraries

The jungle book / (Record no. 49544)

MARC details
000 -LEADER
fixed length control field 01397nam a2200289 4500
008 - FIXED-LENGTH DATA ELEMENTS--GENERAL INFORMATION
fixed length control field 150330s2010 enka j |||| 000|f|eng|d
015 ## - NATIONAL BIBLIOGRAPHY NUMBER
National bibliography number GBB5D4940
Source bnb
020 ## - INTERNATIONAL STANDARD BOOK NUMBER
International Standard Book Number 9781407589152 (hardback) :
Terms of availability No price
020 ## - INTERNATIONAL STANDARD BOOK NUMBER
International Standard Book Number 9781407589152
040 ## - CATALOGING SOURCE
Original cataloging agency StDuBDS
Language of cataloging eng
Transcribing agency StDuBDS
Description conventions rda
042 ## - AUTHENTICATION CODE
Authentication code ukblsr
082 04 - DEWEY DECIMAL CLASSIFICATION NUMBER
Classification number 823.92
Edition number 23
100 ## - MAIN ENTRY--PERSONAL NAME
Personal name Parragon,
Relator term publisher,
9 (RLIN) 86226
245 04 - TITLE STATEMENT
Title The jungle book /
Statement of responsibility, etc by Parragon Books.
260 ## - PUBLICATION, DISTRIBUTION, ETC. (IMPRINT)
Place of publication, distribution, etc UK. :
Name of publisher, distributor, etc Parragon Book ;
Date of publication, distribution, etc 2010.
300 ## - PHYSICAL DESCRIPTION
Extent 68 pages :
Other physical details illustrations (colour) ;
Dimensions 28 cm.
490 ## - SERIES STATEMENT
Series statement The Story of ...
500 ## - GENERAL NOTE
General note Mowgli the man-cub has lived in the jungle his whole life. When Bagheera the panther decides that is time for Mowgli to return to the village, he runs away and has all sorts of adventures with his friends, including Baloo the dancing bear. Beautifully illustrated on every page, this classic Disney storybook is sure to become a favorite in any beginning library. It makes an excellent first reader for young children.
650 ## - SUBJECT ADDED ENTRY--TOPICAL TERM
Topical term or geographic name as entry element Mowgli (Fictitious character)
Form subdivision Juvenile fiction.
9 (RLIN) 86676
650 ## - SUBJECT ADDED ENTRY--TOPICAL TERM
Topical term or geographic name as entry element Disney characters
Form subdivision Juvenile fiction.
9 (RLIN) 74802
650 ## - SUBJECT ADDED ENTRY--TOPICAL TERM
Topical term or geographic name as entry element Jungle animals
Geographic subdivision India
Form subdivision Juvenile fiction.
9 (RLIN) 86677
655 #0 - INDEX TERM--GENRE/FORM
Genre/form data or focus term Film novelizations.
9 (RLIN) 46987
655 #0 - INDEX TERM--GENRE/FORM
Genre/form data or focus term Children's stories.
710 2# - ADDED ENTRY--CORPORATE NAME
Corporate name or jurisdiction name as entry element Disney Enterprises (1996- )
9 (RLIN) 25640
942 ## - ADDED ENTRY ELEMENTS (KOHA)
Source of classification or shelving scheme
Koha item type Book
Holdings
Withdrawn status Lost status Source of classification or shelving scheme Damaged status Not for loan Home library Current library Date acquired Total Checkouts Full call number Barcode Date last seen Date checked out Price effective from Koha item type
          Logos International School Logos International School 09/10/2025 7 E DIS 042984 04/23/2026 04/02/2026 09/10/2025 Book

For any Logos Library related questions please contact Miss Art at swongnarasuk@asianhope.org.

For any Asian Hope Library related questions please contact Miss Raza at graza@asianhope.org.

Click here to explore our ebooks!

Powered by Koha